banner-ar

PALAIS ET MAISONS DU CAIRE / (Record no. 19362)

MARC details
000 -الفاتح
حقل البيانات ثابتة الطول 00532nam a2200217Ia 4500
008 - عناصر البيانات ثابتة الطول - معلومات عامة
حقل البيانات ثابتة الطول 140319s9999 xx 000 0 eng d
040 ## - مصدر الفهرسة
وكالة الفهرسة الأصلية GCL /
وكالة النسخ GCL
082 04 - رقم تصنيف ديوى العشرى
رقم التصنيف CC
رقم المادة 722.962
-- M P
100 1# - المدخل الرئيسى - إسم شخصى
الإسم الشخصى ZAKARIYA, MONA
245 10 - بيان العنوان
العنوان PALAIS ET MAISONS DU CAIRE /
بيان المسئوليه,etc ZAKARIYA, MONA
700 1# - المدخل الاضافى - اسم شخصى
الإسم الشخصى MAURY, BERNARD
700 1# - المدخل الاضافى - اسم شخصى
الإسم الشخصى RAYMOND, ANDRE'
700 1# - المدخل الاضافى - اسم شخصى
الإسم الشخصى REVAULT, JACQUES
260 ## - PUBLICATION, DISTRIBUTION, ETC. (IMPRINT)
تاريخ النشر أو التوزيع 1979
650 04 - المدخل الاضافى بالموضوع-مصطلح موضوعى
مصطلح موضوعي ART
650 04 - المدخل الاضافى بالموضوع-مصطلح موضوعى
مصطلح موضوعي CAIRO
650 04 - المدخل الاضافى بالموضوع-مصطلح موضوعى
مصطلح موضوعي HOUSES
650 04 - المدخل الاضافى بالموضوع-مصطلح موضوعى
مصطلح موضوعي ARTS, EGYPT
942 ## - عناصر المدخل الإضافي( كوها)
مصدر التصنيف او مخطط الترفيف Dewey Decimal Classification
Koha [default] item type كتاب
260 ## - PUBLICATION, DISTRIBUTION, ETC. (IMPRINT)
-- [S.N] :
-- IFAO ،
Holdings
حالة التراجع حالة الفقد حالة تلف ليس للاعارة المكان المؤقت الموقع الحالى تاريخ الاكتساب اجمالي اﻻعارات رقم الطلب الباركود تاريخ اخر مشاهدة تاريخ تفعيل السعر نوع وعاء كوها
        مكتبة القاهرة الكبرى مكتبة القاهرة الكبرى 03/26/2014   CC\722.962\M P 36958 03/26/2014 03/26/2014 كتاب
        مكتبة القاهرة الكبرى مكتبة القاهرة الكبرى 03/26/2014   CC\722.962\M P 36959 03/26/2014 03/26/2014 كتاب
        مكتبة القاهرة الكبرى مكتبة القاهرة الكبرى 03/26/2014   CC\722.962\M P 36960 03/26/2014 03/26/2014 كتاب
        مكتبة القاهرة الكبرى مكتبة القاهرة الكبرى 03/26/2014   CC\722.962\M P 36961 03/26/2014 03/26/2014 كتاب

Powered By

EGPV